Introduction générique "Les Mystérieuses Cités d'Or" - Statistiques

Statistiques générales
  • Ce quiz a été pris 44 fois
  • Le résultat moyen est 41 sur 101
Statistiques - réponses
Réponse % Correct
D'
89%
A
75%
Du
72%
L'
72%
Le
64%
Cités
61%
De
58%
N'
58%
Or
58%
La
56%
Des
53%
Soleil
53%
Et
47%
Qui
44%
Mystérieuses
39%
Hommes
36%
Jamais
36%
Rêvé
36%
Au
33%
Bord
33%
Ces
33%
Europe
33%
Siècle
33%
Inca
31%
Monde
31%
Nouveau
31%
Pays
31%
Se
31%
Conquête
28%
Navires
28%
Recherche
28%
Mers
25%
Partent
25%
Aventures
22%
Avides
22%
Coins
22%
Gigantesques
22%
Lointaines
22%
Ou
22%
Quatre
22%
Richesse
22%
Seizième
22%
Un
22%
Une
22%
Voiliers
22%
Andes
19%
Fortune
19%
Légende
19%
Mondes
19%
Pas
19%
Peuplées
19%
Rêves
19%
Souterrains
19%
Vers
19%
Coeur
17%
Cordillère
17%
Espace
17%
Ses
17%
Chemin
14%
Souhaité
14%
Détour
11%
Guider
11%
Soudaine
11%
Voir
11%
Conquerrait
8%
Souverain
6%
Hisoire
0%
Aucun quiz correspondant
Distribution des résultats
% des personnes avec chaque résultat
Percentile par nombre de réponses
Votre historique - résultats
Vous n’avez pas pris ce quiz